| 000 | 00756nam a2200229Ia 4500 | ||
|---|---|---|---|
| 005 | 20260430150737.0 | ||
| 008 | 008 250103s9999 xx 000 0 hin d | ||
| 037 | _aTheses | ||
| 040 | _aCRL | ||
| 040 | _bhin | ||
| 040 | _chin | ||
| 041 | _2hin | ||
| 041 | _ahin | ||
| 084 | _qCRL | ||
| 100 |
_aत्रिपाठी, अरूणा, ले. _9865268 |
||
| 245 | 0 | _a21 वीं सदी का हिन्दी सिनेमा: स्त्री - विमर्श के विविध आयाम | |
| 260 | _c2022 | ||
| 300 | _a343पृ0 | ||
| 700 | _aदिल्ली विश्वविद्यालय. कला संकाय. हिन्दी विभाग | ||
| 942 | _cTH | ||
| 999 |
_c1850562 _d1850562 |
||